000 00649cam a2200229 4500
001 M91002
008 090401t1998 xxu||||| |||| 00| 0 eng d
035 _a(Sirsi) u85465
041 0 _aeng
050 0 4 _a333.0062 $2 18
110 2 _aRoyal Institution of Chartered Surveyors
_94900
245 0 0 _aAnnual report and accounts 1997
260 _aLondon
_bRICS
_c1998
300 _a16p.
_c30cm.
490 0 _aRICS Annual Report
490 0 _aRICS Financial Statements
520 _aCSM : Chartererd Surveyor Monthly7(5) February 1998
651 4 _aInternational
690 _aABOUT RICS-RICS ANNUAL REPORT
942 _n0
948 _c07/04/1998
999 _c97045
_d97045